|
|
|
|
| LEADER |
02872nam a22004213i 4500 |
| 001 |
EBC6898686 |
| 003 |
MiAaPQ |
| 005 |
20231204023221.0 |
| 006 |
m o d | |
| 007 |
cr cnu|||||||| |
| 008 |
231204s2015 xx o ||||0 eng d |
| 020 |
|
|
|a 9781781384633
|q (electronic bk.)
|
| 020 |
|
|
|z 9781781381717
|
| 035 |
|
|
|a (MiAaPQ)EBC6898686
|
| 035 |
|
|
|a (Au-PeEL)EBL6898686
|
| 035 |
|
|
|a (OCoLC)951562692
|
| 040 |
|
|
|a MiAaPQ
|b eng
|e rda
|e pn
|c MiAaPQ
|d MiAaPQ
|
| 082 |
0 |
|
|a 303.4824
|
| 100 |
1 |
|
|a Gutiérrez Rodríguez, Encarnación.
|
| 245 |
1 |
0 |
|a Creolizing Europe :
|b Legacies and Transformations.
|
| 250 |
|
|
|a 1st ed.
|
| 264 |
|
1 |
|a Liverpool :
|b Liverpool University Press,
|c 2015.
|
| 264 |
|
4 |
|c {copy}2015.
|
| 300 |
|
|
|a 1 online resource (244 pages)
|
| 336 |
|
|
|a text
|b txt
|2 rdacontent
|
| 337 |
|
|
|a computer
|b c
|2 rdamedia
|
| 338 |
|
|
|a online resource
|b cr
|2 rdacarrier
|
| 490 |
1 |
|
|a Migrations and Identities Series ;
|v v.6
|
| 505 |
0 |
|
|a Cover -- Acknowledgements -- Contents -- Figures -- Contributors -- Introduction: Creolizing Europe: Legacies and Transformations -- Chapter 1 Creolité and the Process of Creolization -- Chapter 2 World Systems and the Creole, Rethought -- Chapter 3 Creolization and Resistance -- Chapter 4 Continental Creolization: French Exclusion through a Glissantian Prism -- Chapter 5 Archipelago Europe: On Creolizing Conviviality -- Chapter 6 Are We All Creoles? 'Sable-Saffron' Venus, Rachel Christie and Aesthetic Creolization -- Chapter 7 Re-imagining Manchester as a Queer and Haptic Brown Atlantic Space -- Chapter 8 Queering Diaspora Space, Creolizing Counter-Publics: On British South Asian Gay and Bisexu -- Chapter 9 On Being Portuguese: Luso-tropicalism, Migrations and the Politics of Citizenship -- Chapter 10 Comics, Dolls and the Disavowal of Racism: Learning from Mexican Mestizaje -- Chapter 11 Creolizing Citizenship? Migrant Women from Turkey as Subjects of Agency -- Index.
|
| 520 |
|
|
|a Creolizing Europe critically interrogates creolization as the decolonial, rhizomatic thinking necessary for understanding the cultural and social transformations set in motion through trans/national dislocations within Europe.
|
| 588 |
|
|
|a Description based on publisher supplied metadata and other sources.
|
| 590 |
|
|
|a Electronic reproduction. Ann Arbor, Michigan : ProQuest Ebook Central, 2023. Available via World Wide Web. Access may be limited to ProQuest Ebook Central affiliated libraries.
|
| 655 |
|
4 |
|a Electronic books.
|
| 700 |
1 |
|
|a Tate, Shirley Anne.
|
| 776 |
0 |
8 |
|i Print version:
|a Gutiérrez Rodríguez, Encarnación
|t Creolizing Europe
|d Liverpool : Liverpool University Press,c2015
|z 9781781381717
|
| 797 |
2 |
|
|a ProQuest (Firm)
|
| 830 |
|
0 |
|a Migrations and Identities Series
|
| 856 |
4 |
0 |
|u https://ebookcentral.proquest.com/lib/matrademy/detail.action?docID=6898686
|z Click to View
|